000 00981cab a2200265 4500
001 ABS45851
008 090401t xxu||||| |||| 00| 0 eng d
035 _a(Sirsi) u55460
041 _aeng
100 _aMiles, P.
245 3 _aAn investment of lessor interest
260 _c2(3) Winter 1991/92, 343-348(6)
350 _a0
490 _aJournal of Property Finance
_v2(3) Winter 1991/92, 343-348(6)
520 _aOutlines a form of investment, similar to an institutional sale and leaseback agreement, but which escalates the rent payable for up to 35 years and can provide the tenant with the appreciation benefits. (Journal abstract)
650 _aFINANCIAL INSTITUTIONS
650 _aINSTITUTIONAL INVESTMENT
650 _aLEASES
650 _aOCCUPATIONAL TENANCY
650 _aPROPERTY INVESTMENT
690 _aPROPERTY-COMMERCIAL PROPERTY-COMMERCIAL PROPERTY FINANCE AND INVESTMENT
690 _aFINANCE AND INVESTMENT
942 _n0
948 _c04/03/1997
999 _c33881
_d33881